Frankenstein o el moderno Prometeo

Збережено в:
Бібліографічні деталі
Автор: Shelley, Mary W (Автор)
Формат: Книга
Мова:Іспанська
Опубліковано: Buenos Aires Aique 2012
Редагування:1a. ed
Предмети:
Теги: Додати тег
Немає тегів, Будьте першим, хто поставить тег для цього запису!

MARC

LEADER 00000cam a2200000 a 4500
001 UCE9309
003 CL-VaPUC
008 151016e20120000ag |||||||||||||||||spa|d
020 |a 9789870603207 
082 0 4 |a 823  |b SHE  |2 21 
100 0 |a Shelley, Mary W  |e author  |9 582117 
245 1 0 |a Frankenstein o el moderno Prometeo 
250 |a 1a. ed 
300 |a 253 p 
942 |c BK 
945 |d 20151016 11:50:00  |a dcastane 
260 |a Buenos Aires  |b Aique  |c 2012 
650 0 |a Novelas inglesas  |9 265220 
650 0 |a Literatura inglesa  |9 312907 
583 |a last modification  |c 20151016 11:50:00  |k Rodrigo Vera 
999 |c 360978  |d 360976